1393 1080 1573 1362 1788 1358 1961 1833 1173 1747 1428 1718 1741 1244 1120 1735 1701 1805 1824 1192 1820 1765 1590 1974 1268 1035 1394 1280 1523 1885 1498 1157 1434 1472 1129 1870 1213 1730 1230 1567 1423 1195 1355 1951 1000 1521 1454 1697 1641 1145 1832 1720 1649 1850 1153 1377 1019 1392 1048 1253 1177 1548 1453 1519 1413 1865 1680 1290 1035 1206 1557 1764 1156 1952 1499 1253 1979 1307 1046 1525 1491 1704 1976 1499 1134 1199 1289 1267 1118 1649 1423 1293 1705 1833 1427 1209 1748 1089 1908 BCNSPRNW ULIB Ver.6.0+V

เปลี่ยนเป็นภาษาไทย

Change to English
 แสดงรายละเอียดบรรณานุกรม
  กลับหน้าหลัก

Brief Record : Get Marc (ISO 2709) : E-mail record : QR code < ปิดหน้าต่าง
LEADER : 00000nam 2200000uu 4500
001    13399111393
003     ULIB
008    110623s||||||||th 000 0 tha d
020    9786167025261
090    นว^bท473อ 2553
100 0  ทิพย์อักษร
245 10 อารัมบรา ปราการเร้นรัก /^cโดย ทิพย์อักษร
250    พิมพ์ครั้งที่ 1
260    กรุงเทพฯ :^bJe t aime,^c2553
300     191 หน้า
945    ^p99^l0^i030167
995     เกษร
999 ^a ใช้งานได้ทุกระบบ
รายการนี้ยังไม่มีแท็ก
คุณยังไม่ได้ล็อกอิน คุณสามารถมีกิจกรรมร่วมกับเว็บไซต์ได้ แต่ต้องล็อกอินก่อน ::
  ล็อกอิน

รายการสื่อสารสนเทศ

ลำดับที่ ประเภท เลขเรียก/บาร์โค้ด สถานที่ สถานะ
1. นวนิยาย
นวนิยาย
นว ท473อ 2553  
  Barcode: 030167
ห้องสมุดวิทยาเขตสวรรค์ประชารักษ์
►นวนิยาย
บนชั้น
  ขอยืม

BibComment


ยังไม่เคยถูกคอมเมนท์

คอมเมนท์ทรัพยากรรายการนี้
  คอมเมนท์: อารัมบรา ปราการเร..


 Copyright 2026. Bcnsprnw @Library